LIBRARY & INFORMATION CENTRE, KCAET, TAVANUR

ONLINE PUBLIC ACCESS CATALOGUE (OPAC)

SURVEYING V.II (Record no. 17532)

MARC details
000 -LEADER
fixed length control field 00468nam a22001817a 4500
003 - CONTROL NUMBER IDENTIFIER
control field OSt
008 - FIXED-LENGTH DATA ELEMENTS--GENERAL INFORMATION
fixed length control field 220718b |||||||| |||| 00| 0 eng d
020 ## - INTERNATIONAL STANDARD BOOK NUMBER
ISBN 9788170088837
082 ## - DEWEY DECIMAL CLASSIFICATION NUMBER
Classification number 624.151 7
Item number BB 640
100 ## - MAIN ENTRY--AUTHOR NAME
Personal name PUNMIA, B C
245 ## - TITLE STATEMENT
Title SURVEYING V.II
260 ## - PUBLICATION, DISTRIBUTION, ETC. (IMPRINT)
Place of publication ;BENGALURU
Name of publisher :LAXMI PUBLICATIONS (P) LTD.
Year of publication ,2019
300 ## - PHYSICAL DESCRIPTION
Number of Pages XVII + 621
Other physical details IMAGES
650 ## - SUBJECT ADDED ENTRY--TOPICAL TERM
Topical Term SURVEYING
700 ## - ADDED ENTRY--PERSONAL NAME
Personal name JAIN,ASHOK. K
700 ## - ADDED ENTRY--PERSONAL NAME
Personal name JAIN, ARUN. K
942 ## - ADDED ENTRY ELEMENTS (KOHA)
Koha item type Books
Holdings
Withdrawn status Lost status Damaged status Home library Current library Shelving location Date acquired Cost, normal purchase price Full call number Accession Number Koha item type
      KAUAET KAUAET Scheme 11/07/2022 549.00 624.151 7 BB 640 BB 640 Book Bank scheme for SC students
free website counter